[Event "Daventry 4NCL Easter op-C 2nd"]
[Site "Daventry"]
[Date "2022.04.16"]
[Round "3"]
[White "McKay, Ruairidh"]
[Black "Maher, Mike P"]
[Result "1-0"]
[WhiteElo "1544"]
[BlackElo "1692"]
[PlyCount "125"]
[EventDate "2022.04.15"]
[EventType "swiss"]
[EventRounds "7"]
[EventCountry "ENG"]
[SourceTitle "CBM 207 Extra"]
[Source "ChessBase"]
[SourceDate "2022.05.31"]
[SourceVersion "1"]
[SourceVersionDate "2022.05.31"]
[SourceQuality "1"]

1. d4 e6 2. Nf3 f5 3. Bg5 Nf6 4. Bxf6 Qxf6 5. e3 b6 6. Be2 Bb7 7. c4 d6 8. Nc3 Be7 9. 0-0 0-0 10. d5 e5 11. Rb1 a5 12. a3 Nd7 13. Nb5 Bd8 14. a4 g5 15. Ne1 Qh6 16. f4 g4 17. Bxg4 fxg4 18. Qxg4+ Qg7 19. Qxg7+ Kxg7 20. f5 Nc5 21. Nc3 Ba6 22. b3 Nxb3 23. Rxb3 Bxc4 24. Rb2 Bxf1 25. Kxf1 Rxf5+ 26. Kg1 Bg5 27. Re2 Raf8 28. Nf3 Bh6 29. e4 R5f7 30. Nb5 Kg8 31. Kf2 Bg5 32. Ke1 Rxf3 33. gxf3 Bh4+ 34. Kd2 Rxf3 35. Nxc7 Rf2 36. Nb5 Rxe2+ 37. Kxe2 Be7 38. Na7 Kf7 39. Nc8 Ke8 40. Nxb6 Bd8 41. Nc4 Bc7 42. Kf3 Kf7 43. Na3 Bb8 44. Nc4 Bc7 45. h3 Kg6 46. Ne3 h5 47. Nf5 Kf6 48. h4 Kf7 49. Ke2 Ke8 50. Ng7+ Kf7 51. Nxh5 Bd8 52. Ng3 Bxh4 53. Nf5 Be7 54. Nxe7 Kxe7 55. Kd3 Kf6 56. Kc4 Kg5 57. Kb5 Kf4 58. Kc6 Kxe4 59. Kxd6 Kd4 60. Kc6 e4 61. d6 e3 62. d7 e2 63. d8Q+ 1-0